Anarchia štátneho podnikania novela zákona o štátnom podniku má vniesť poriadok do hospodárenia s majetkom štátu

Bibliographic Details
Main Author: Duduc, Vladimír (Author)
Format: Article
Language:Slovak
Subjects:

MARC

LEADER 00000nab a2200000 a 4500
001 vtls000799546
003 SK-MaSNL
005 20260302155618.0
008 180206c2002 xo 0 slo
015 |a SNBRB2002/07-21948 
035 |a CLN000151201 
040 |a SNKBUCL  |b slo  |c SNKBUCL  |e AACR2 
041 0 |a slo 
044 |a xo  |c SK 
080 |a 339.166(437.6):621.31  |2 UDC-MRF-SK2 
080 |a 338.45(437.6):620.9  |2 UDC-MRF-SK2 
080 |a 620.9(437.6)  |2 UDC-MRF-SK2 
080 |a 658.11(437.6):621.31:338.246  |2 UDC-MRF-SK2 
080 |a 621.31  |2 UDC-MRF-SK2 
100 1 |a Duduc, Vladimír  |4 aut  |9 689581 
245 1 0 |a Anarchia štátneho podnikania  |b novela zákona o štátnom podniku má vniesť poriadok do hospodárenia s majetkom štátu  |c Vladimír Duduc 
650 0 7 |a energia elektrická  |x trh  |x liberalizácia  |z Slovensko  |2 snkbucl  |9 854331 
650 0 7 |a energetika  |x podniky štátne  |x privatizácia  |z Slovensko  |2 snkbucl  |9 854332 
655 7 |a články z novín a časopisov  |2 snkbucl  |9 267496 
773 0 |x 1335-4620  |t Profit  |g Roč. 10, č. 25 (2002), s. 16-17 
850 |a Slovenská národná knižnica v Martine 
852 |a SNK  |b KIS3GCP 
958 |a RBX 
999 |c 1372021  |d 1373951